Oplatí sa stále kupovať zlato?

Žltý kov si udržiava svoje dlhodobodobré miesto v záujme investorov. Faktory, ktoré podporujú dopyt po zlate. Najväčší spotrebitelia zlata na svete.

Guardado en:
Detalles Bibliográficos
Autor principal: Reich, Róbert
Formato: Capítulo de libro
Lenguaje:eslovaco
Materias:
Etiquetas: Agregar Etiqueta
Sin Etiquetas, Sea el primero en etiquetar este registro!

MARC

LEADER 00000naa$a2200000$$$4500
001 0034332
005 20231009070806.1
041 0 |a slo 
044 |a SK 
245 1 0 |a Oplatí sa stále kupovať zlato?  |c Róbert Reich 
520 |a Žltý kov si udržiava svoje dlhodobodobré miesto v záujme investorov. Faktory, ktoré podporujú dopyt po zlate. Najväčší spotrebitelia zlata na svete. 
610 2 0 |a zlato 
610 2 0 |a investori 
610 2 0 |a investovanie 
610 2 0 |a Čína 
610 2 0 |a liberalizácia 
610 2 0 |a dopyt 
610 2 0 |a trh 
610 2 0 |a inflácia 
100 1 |a Reich, Róbert